Príspevok k problematike strát na rotačných stredofrekvenčných generátoroch : Kand.diz.práca : V.odb. 26-06-9 : Obh. 28.04.1959 /

Salvato in:
Dettagli Bibliografici
Autore principale: Schindler, Jiří (Autore)
Altri autori: Kneppo, Ľudovít (Relatore della tesi)
Natura: Manoscritto Libro
Pubblicazione: Bratislava : SVŠT v Bratislave EF, 1958
Soggetti:
Tags: Aggiungi Tag
Nessun Tag, puoi essere il primo ad aggiungerne!!

MARC

LEADER 00000ntm a22000003a 4500
001 stu5608
005 20150617225808.0
008 ------s1958----------------------------d
040 |a STU  |b slo 
041 0
100 1 |a Schindler, Jiří  |4 aut 
245 1 |a Príspevok k problematike strát na rotačných stredofrekvenčných generátoroch :  |b Kand.diz.práca : V.odb. 26-06-9 : Obh. 28.04.1959 /  |c [aut.] Schindler,J., Ing.; Škol. Kneppo,Ňudovít 
260 |a Bratislava :  |b SVŠT v Bratislave EF,  |c 1958 
300 |a 120 s :  |b príl 
650 7 |a Teoretická elektrotechnika  |2 stusub 
700 1 |a Kneppo, Ľudovít  |4 ths 
996 |b 284ED00696  |c E*KDIZ-14  |l EE01  |s A  |a 24  |w stu5608_0001 
996 |b 284ED00695  |c E*KDIZ-15  |l EE01  |s A  |a 24  |w stu5608_0002